[Event "Cappelle op 28th"]
[Site "Cappelle la Grande"]
[Date "2012.03.04"]
[Round "2"]
[White "McDonald, Neil R"]
[Black "Timoshenko, Georgy"]
[Result "1/2-1/2"]
[WhiteElo "2457"]
[BlackElo "2569"]
[PlyCount "56"]
[EventDate "2012.03.03"]
[EventType "swiss"]
[EventRounds "9"]
[EventCountry "FRA"]
[SourceTitle "CBM 147 Extra"]
[Source "ChessBase"]
[SourceDate "2012.04.24"]
[SourceVersion "1"]
[SourceVersionDate "2012.04.24"]
[SourceQuality "1"]

1. e4 e6 2. d4 d5 3. Nd2 Nf6 4. e5 Nfd7 5. f4 c5 6. c3 Nc6 7. Ndf3 Qb6 8. g3 Be7 9. Ne2 0-0 10. Bh3 cxd4 11. cxd4 f6 12. Bxe6+ Kh8 13. Bxd5 fxe5 14. 0-0 exd4 15. Kg2 Nf6 16. Bc4 Qc5 17. b3 b5 18. Bd3 Qh5 19. f5 Nd5 20. Nexd4 Bf6 21. Nxc6 Bxa1 22. Ncd4 Bb7 23. Kg1 a6 24. Bd2 Bxd4+ 25. Nxd4 Qf7 26. Ne6 Rfe8 27. Be4 Rac8 28. Qf3 Rxe6 1/2-1/2